000 00519nam a2200145Ia 4500
008 151213s9999 xx 000 0 und d
100 _aসৈয়দ শাহ আলম।
245 _aবিশ্ব শান্তি।
_cসৈয়দ শাহ আলম।
260 _aঢাকা
_bবিশ্ব শান্তি সংঘ।
_c1996
300 _a8811 p.
650 _aBangla
650 _aআলোচনা গ্রন্থ।
700 _aসৈয়দ শাহ আলম।
999 _c4596
_d4596